| 000 | 00825cam a22002174a 4500 | ||
|---|---|---|---|
| 005 | 20250605164126.0 | ||
| 008 | 250528s ||||||||||||||||||||||||d | ||
| 035 | _a18480 | ||
| 020 | _a70354405 | ||
| 040 |
_aGR-AtMCL _bgre _dGR-AtMCL _eAACR2 |
||
| 245 | 1 | _aFundamentals of Physical Science | |
| 250 | _a6th | ||
| 260 |
_bMcgraw Hill Book Company, _c1971 |
||
| 300 | _a950 | ||
| 520 | _aPreface, Matter in Motion, Collective Matter, Electricity and Magnetism, The Atom, Atoms in Combination, Basic Chemistry, Chemistry in Action, Materials of the Earth, Basic Geology, The Evolving Earth, The Sun and Its Family, Mathematics Refresher, Glossary, Answers to Odd-Numbered Exercises, Index. | ||
| 700 | 1 |
_aBeiser Arthur _94738 |
|
| 700 | 1 |
_aKrauskopf Konrad B _94739 |
|
| 942 | _cBK | ||
| 999 |
_c3840 _d3840 |
||